000 00885nam a22002657a 4500
999 _c15391
_d15391
003 MIRAKIL
005 20240214142316.0
008 240214b tu ||||| |||| 00| 0 tur d
020 _a9789758363391
040 _aTR-AnCHP
_cTR-AnCHP
041 _aTürkçe
082 _a299.792
_bR84b 2018
090 _a299.792 R84b 2018
100 _aRuiz, Don Miguel
245 1 0 _aBeşinci anlaşma :
_bbir Toltek bilgelik kitabı /
_cDon Miguel Ruiz, Don Jose Ruiz ve Janet Mills ; Türkçesi : Çağlayan Erendağ.
250 _a19. bs.
260 _aİstanbul
_bÖtesi
_c2018
300 _a172 s.
_c21 cm.
500 _aÖzgün eseradı : The fifth agreements
650 0 _97540
_aToltek Bilgelik
700 _97541
_aRuiz, Don Jose
700 _97542
_aMills, Janet
856 _zDijital Nüshası için Partimizin Kütüphane Sorumlusu ile iletişime geçiniz.
942 _2ddc
_cBKS